| 000 | 00718nam a22001577a 4500 | ||
|---|---|---|---|
| 003 | OSt | ||
| 005 | 20150919094325.0 | ||
| 008 | 150919b xxu||||| |||| 00| 0 eng d | ||
| 040 | _cRUA | ||
| 082 | _aAGR VON 2006 BO33 Or.1 | ||
| 100 |
_9823 _aVONG, SOMBO |
||
| 245 | _aDevelopment and management process of multipurpoes farm or farmer in takeo and kampong speu province,( ដំណើរការគ្រប់គ្រង និងការះភិវឌ្ឍន៍កសិដ្ខានពុប្រយោជន៍របស់កសិករ នៅខេត្តតាកែវ និងកំពង់ស្ពឺ). | ||
| 260 |
_aphnom phen _bRUA _c2006 |
||
| 300 |
_aIX,5Op. _bill. _c29cmm. |
||
| 942 |
_2ddc _cAGR |
||
| 999 |
_c794 _d794 |
||